[Event "Frankfurt-chA"]
[Site "Frankfurt"]
[Date "2019.05.27"]
[Round "5"]
[White "Popp, Matthias"]
[Black "Hedrich, Gerd Ernst"]
[Result "1-0"]
[WhiteElo "1564"]
[BlackElo "1317"]
[PlyCount "53"]
[EventDate "2019.04.29"]
[EventType "swiss"]
[EventRounds "7"]
[EventCountry "GER"]
[SourceTitle "EXT 2020"]
[Source "ChessBase"]
[SourceDate "2019.10.17"]
[SourceVersion "1"]
[SourceVersionDate "2019.10.17"]
[SourceQuality "1"]

1. Nf3 Nf6 2. d4 d5 3. Bf4 e6 4. Nbd2 Bd6 5. Ne5 0-0 6. e3 c5 7. c3 b6 8. Bd3 Bb7 9. h4 h6 10. g4 Ne4 11. g5 Bxe5 12. Bxe5 Nd7 13. gxh6 Nxe5 14. dxe5 g6 15. Qg4 Kh7 16. f3 Nxd2 17. Kxd2 f5 18. Qf4 c4 19. Bc2 Qd7 20. Rhg1 Rg8 21. Rg5 Raf8 22. Rag1 Qf7 23. h5 gxh5 24. Rg7+ Rxg7 25. Rxg7+ Qxg7 26. hxg7 Kxg7 27. Qg5+ 1-0

[Event "Frankfurt-chA"]
[Site "Frankfurt"]
[Date "2019.05.13"]
[Round "3"]
[White "Popp, Matthias"]
[Black "Fernandez Egea, Andres"]
[Result "0-1"]
[WhiteElo "1564"]
[BlackElo "1829"]
[PlyCount "64"]
[EventDate "2019.04.29"]
[EventType "swiss"]
[EventRounds "7"]
[EventCountry "GER"]
[SourceTitle "EXT 2020"]
[Source "ChessBase"]
[SourceDate "2019.10.17"]
[SourceVersion "1"]
[SourceVersionDate "2019.10.17"]
[SourceQuality "1"]

1. d4 Nf6 2. Nf3 e6 3. Bf4 c5 4. e3 d5 5. c3 Nc6 6. Nbd2 Bd6 7. Ne5 Qc7 8. Qa4 0-0 9. Nxc6 Bxf4 10. exf4 bxc6 11. g3 cxd4 12. Qxd4 c5 13. Qe5 Qb6 14. b3 a5 15. Be2 Rd8 16. h4 Bb7 17. h5 Nd7 18. Qg5 h6 19. Qe7 Nf6 20. b4 axb4 21. cxb4 c4 22. g4 Rd7 23. Qc5 Qxc5 24. bxc5 c3 25. Nb3 d4 26. 0-0 d3 27. Bd1 c2 28. g5 cxd1Q 29. Rfxd1 Nxh5 30. gxh6 Nxf4 31. hxg7 Kxg7 32. a4 Bf3 0-1

[Event "Frankfurt-ch"]
[Site "Frankfurt"]
[Date "2011.05.23"]
[Round "4"]
[White "Popp, Matthias"]
[Black "Zelba, Gianluca"]
[Result "1/2-1/2"]
[WhiteElo "1522"]
[BlackElo "1378"]
[PlyCount "123"]
[EventDate "2011.05.02"]
[EventType "swiss"]
[EventRounds "7"]
[EventCountry "GER"]
[SourceTitle "EXT 2012"]
[Source "ChessBase"]
[SourceDate "2011.11.24"]
[SourceVersion "1"]
[SourceVersionDate "2011.11.24"]
[SourceQuality "1"]

1. d4 Nf6 2. Nf3 e6 3. Bf4 d5 4. e3 Be7 5. Nbd2 b6 6. c3 Bb7 7. Ne5 Nbd7 8. Ndf3 Rc8 9. Bd3 0-0 10. Qc2 c5 11. Ng5 Nxe5 12. dxe5 Ne4 13. Nxe4 dxe4 14. Bxe4 Bxe4 15. Qxe4 Qc7 16. 0-0 Rfd8 17. Rad1 Rd7 18. Qc2 Rcd8 19. h3 Qb7 20. Bg3 c4 21. b4 b5 22. Rd4 Bf8 23. Rfd1 g6 24. Bh4 Rxd4 25. Rxd4 Rd7 26. Qd2 Rxd4 27. Qxd4 Be7 28. Bf6 Bxf6 29. exf6 Qb8 30. Qd7 h5 31. g3 a6 32. f4 g5 33. Kf2 h4 34. Qd4 hxg3+ 35. Kxg3 gxf4+ 36. Qxf4 Qf8 37. h4 Kh7 38. Qg5 Qb8+ 39. Kg4 Qg8 40. Qxg8+ Kxg8 41. Kg5 Kh7 42. a3 Kg8 43. Kf4 Kh7 44. Kg5 Kg8 45. e4 Kh7 46. e5 Kg8 47. Kf4 Kh7 48. Ke4 Kh6 49. Kd4 Kh5 50. Kc5 Kxh4 51. Kd6 Kh5 52. Ke7 Kg6 53. Kf8 Kf5 54. Kxf7 Kxe5 55. Ke7 Ke4 56. f7 Kd3 57. f8Q Kxc3 58. Qf3+ Kb2 59. a4 bxa4 60. Qf6+ c3 61. Qd4 a3 62. b5 1/2-1/2

[Event "Frankfurt-ch"]
[Site "Frankfurt"]
[Date "2011.05.02"]
[Round "1"]
[White "Perlitz, Sven"]
[Black "Popp, Matthias"]
[Result "1-0"]
[WhiteElo "2094"]
[BlackElo "1522"]
[PlyCount "77"]
[EventDate "2011.05.02"]
[EventType "swiss"]
[EventRounds "7"]
[EventCountry "GER"]
[SourceTitle "EXT 2012"]
[Source "ChessBase"]
[SourceDate "2011.11.24"]
[SourceVersion "1"]
[SourceVersionDate "2011.11.24"]
[SourceQuality "1"]

1. e4 c5 2. Nf3 Nc6 3. c3 e5 4. Bc4 Nf6 5. Ng5 d5 6. exd5 Nxd5 7. Qf3 Qxg5 8. Bxd5 Qf6 9. Bxc6+ Qxc6 10. Qxc6+ bxc6 11. d3 Bf5 12. Ke2 Be7 13. Nd2 0-0-0 14. Ne4 c4 15. Be3 cxd3+ 16. Kf3 a6 17. Rhd1 h5 18. h3 f6 19. Bb6 Rd7 20. Rd2 Rb7 21. Ba5 Rb5 22. b4 Rd5 23. Rad1 Bd8 24. Rxd3 Rxd3+ 25. Rxd3 Bxe4+ 26. Kxe4 Bxa5 27. bxa5 Kc7 28. Kf5 Rb8 29. Rd2 Rb5 30. Kg6 e4 31. Kxg7 f5 32. Kg6 Rxa5 33. Kxh5 Rc5 34. Kg5 a5 35. h4 e3 36. fxe3 Rxc3 37. h5 Rxe3 38. h6 Rg3+ 39. Kf6 1-0

[Event "Frankfurt-ch"]
[Site "Frankfurt"]
[Date "2010.06.14"]
[Round "7"]
[White "Popp, Matthias"]
[Black "Makilla, Tobias"]
[Result "0-1"]
[WhiteElo "1525"]
[BlackElo "1897"]
[PlyCount "50"]
[EventDate "2010.04.26"]
[EventType "swiss"]
[EventRounds "7"]
[EventCountry "GER"]
[SourceTitle "EXT 2011"]
[Source "ChessBase"]
[SourceDate "2010.11.26"]
[SourceVersion "1"]
[SourceVersionDate "2010.11.26"]
[SourceQuality "1"]

1. d4 d5 2. Nf3 Nc6 3. Bf4 Bf5 4. c3 e6 5. Nbd2 Bd6 6. e3 Bxf4 7. exf4 Nf6 8. Ne5 0-0 9. g4 Nxe5 10. gxf5 Nc6 11. fxe6 fxe6 12. Qe2 Qd6 13. 0-0-0 Rae8 14. Qf3 Nd7 15. Bd3 Qxf4 16. Qh3 Nf6 17. Rhg1 e5 18. Bf5 g6 19. Rg3 Kf7 20. Rdg1 Qxf5 21. Qxf5 gxf5 22. Rg7+ Ke6 23. dxe5 Nxe5 24. Rxc7 Re7 25. Rc5 Nd3+ 0-1

[Event "Frankfurt-ch"]
[Site "Frankfurt"]
[Date "2009.04.27"]
[Round "1"]
[White "Popp, Matthias"]
[Black "Syed, Tareq"]
[Result "0-1"]
[WhiteElo "1591"]
[BlackElo "2118"]
[PlyCount "70"]
[EventDate "2009.04.27"]
[EventType "tourn"]
[EventRounds "7"]
[EventCountry "GER"]
[SourceTitle "EXT 2010"]
[Source "ChessBase"]
[SourceDate "2010.11.25"]
[SourceVersion "1"]
[SourceVersionDate "2010.11.25"]
[SourceQuality "1"]

1. d4 g6 2. Nf3 Bg7 3. Bf4 d6 4. e3 Nd7 5. Nbd2 Nh6 6. c3 e5 7. Bg5 f6 8. Bh4 Nf5 9. Qb3 Qe7 10. 0-0-0 e4 11. g4 Nxh4 12. Nxh4 f5 13. gxf5 Qxh4 14. Qe6+ Qe7 15. Nxe4 Nf8 16. Bb5+ Kd8 17. Qxe7+ Kxe7 18. fxg6 Bg4 19. f3 Bxf3 20. Rhf1 Bxe4 21. Rf7+ Kd8 22. Rdf1 Bxg6 23. Rxg7 Ne6 24. Rd7+ Kc8 25. Re7 Nd8 26. a4 a6 27. Be2 Nc6 28. Bg4+ Kb8 29. Rg7 Re8 30. d5 Ne5 31. Be2 b6 32. Kd2 Kb7 33. b4 Rf8 34. c4 Rxf1 35. Bxf1 Rf8 0-1

[Event "Oberfranken-ch op 0607"]
[Site "Schney"]
[Date "2007.01.04"]
[Round "6"]
[White "Ries, Maximilian"]
[Black "Popp, Matthias"]
[Result "1-0"]
[WhiteElo "823"]
[BlackElo "824"]
[PlyCount "53"]
[EventDate "2007.01.02"]
[EventType "swiss"]
[EventRounds "9"]
[EventCountry "GER"]
[SourceTitle "EXT 2024"]
[Source "ChessBase"]
[SourceDate "2023.10.10"]
[SourceVersion "1"]
[SourceVersionDate "2023.10.10"]
[SourceQuality "1"]

1. e4 e5 2. Nf3 Nc6 3. Nc3 a6 4. Bc4 Nf6 5. Ng5 Qe7 6. Bxf7+ Kd8 7. Bc4 d5 8. Bb3 Nxe4 9. Ncxe4 Be6 10. Nxe6+ Qxe6 11. Nc3 Qg6 12. 0-0 d4 13. Nd5 Na5 14. c3 h5 15. h3 Qf5 16. Qc2 d3 17. Qd1 Bc5 18. Ne3 Qg5 19. Bd5 c6 20. b4 Bxe3 21. fxe3 cxd5 22. bxa5 Ke8 23. a3 b5 24. Rf2 Kd7 25. Qf3 Rad8 26. Qxd5+ Ke8 27. Qf7# 1-0